000 00337nam a2200133Ia 4500
008 231129s2004||||xx |||||||||||||| ||spa||
040 _bspa
082 _a946.03 P438e
100 _aPérez Joseph
245 0 _aLa España de los Reyes Católicos
260 _c2004
264 _aMadrid España : Arlanza ediciones
942 _2ddc
_cBKS
999 _c17026
_d17026